00657nam a2200169Ia 4500001001000000003000500010008004100015010001100056040000900067100003700076245008300113260008600196300001000282440003200292650004200324710012100366Para_6159CHAP220125s1980 xx 000 0 und d a204939 cCHAP aCárdenas Valdovinos, Manuel J. aEl cultivo del chile en Aguascalientes /c por J. Manuel Cárdenas Valdovinos aPabellón, Ags. :b INIA. Centro de Investigaciones Agrícolas del Norte-Centro a20 p. aFolleto técnico CAEPAB; 2 aChile (botánica) x Aguascalientes aInstituto Nacional de Investigaciones Agrícolas (México) Centro de Investigaciones Agrícolas del NortexCentro